000 00684nam a2200217 i 4500
001 72783
003 ES-MaACL
005 20250902231041.0
007 t|
008 040903s1977 sp ||||1| spa d
100 1 _aGodelier, Maurice.
_957517
245 1 0 _aTeoría marxista de las sociedades precapitalistas /
_cMaurice Godelier ; [traducción de José Mª Castillo].
250 _a[3ª ed.].
260 _aBarcelona :
_bLaia,
_c1977.
300 _a161 p. ;
_c18 cm.
490 1 _aCiencias sociales. Economía
700 1 _aCastillo, José M.
_936698
830 0 0 _aCiencias sociales.
_pEconomía
_9231125
852 _aES-MaACL
_jA-6611
_bR.95533
999 _c72783
_d72783